| 000 | 00811nam a2200241 i 4500 | ||
|---|---|---|---|
| 001 | 124329 | ||
| 003 | ES-MaACL | ||
| 005 | 20240418063118.0 | ||
| 007 | t| | ||
| 008 | 070530s1954 xxk ||||1| eng d | ||
| 040 | _cES-MaACL | ||
| 080 | _a238.1 | ||
| 245 | 0 | 2 |
_aA catechism of christian doctrine : _baproved by the archbishops and bishops of England and Wales, and directed to be used in all their dioceses. |
| 250 | _aEd. rev. | ||
| 260 |
_aLondon : _bCatholic Truth Society, _c1954. |
||
| 300 |
_a72 páginas ; _c12 cm. |
||
| 655 | 7 |
_9234608 _aCatecismos |
|
| 710 | 2 |
_aCatholic Truth Society. _92531 |
|
| 852 |
_aES-MaACL _bR. 142438 _cDEPOF _hBiblioteca Jacinto Martínez Lacalle _j2231-F-1 |
||
| 942 |
_cFOLLETOS _n0 |
||
| 999 |
_c124329 _d124329 |
||